00334pab a2200121 454500008004000000100001700040245004600057260000900103300001300112362001400125650002600139773004700165180718b2012 xxu||||| |||| 00| 0 eng d aHarish Kumar aCorporate social responsibility revisited c2012 ap.16-25. aJan - Mar aSocial responsibility aIndian Journal of Training and Development